UBT Library

The Oxford guide to United States Supreme Court decisions / (Record no. 44648)

000 -LEADER
fixed length control field 00851pam a2200265 a 4500
001 - CONTROL NUMBER
control field 3086835
005 - DATE AND TIME OF LATEST TRANSACTION
control field 20180310024605.0
008 - FIXED-LENGTH DATA ELEMENTS--GENERAL INFORMATION
fixed length control field 980611s1999 nyu dw 001 0 eng
010 ## - LIBRARY OF CONGRESS CONTROL NUMBER
LC control number 98008747
020 ## - INTERNATIONAL STANDARD BOOK NUMBER
International Standard Book Number 0195118839 (acidfree paper)
040 ## - CATALOGING SOURCE
Original cataloging agency DLC
Transcribing agency DLC
Modifying agency DLC
041 ## - LANGUAGE CODE
Language code of text/sound track or separate title eng
043 ## - GEOGRAPHIC AREA CODE
Geographic area code n-us---
080 ## - UNIVERSAL DECIMAL CLASSIFICATION NUMBER
Universal Decimal Classification number 348.7348
082 00 - DEWEY DECIMAL CLASSIFICATION NUMBER
Classification number 348.7348 HAL
Edition number 21
100 ## - Rafti
Rafti 14
101 ## - Shkurtesa
Shkurtesa SHJ
245 04 - TITLE STATEMENT
Title The Oxford guide to United States Supreme Court decisions /
Statement of responsibility, etc edited by Kermit L. Hall.
246 30 - VARYING FORM OF TITLE
Title proper/short title United States Supreme Court decisions
530 ## - ADDITIONAL PHYSICAL FORM AVAILABLE NOTE
Additional physical form available note Available also online via the Internet.
906 ## - LOCAL DATA ELEMENT F, LDF (RLIN)
a 7
b cbc
c orignew
d 1
e ocip
f 19
g y-gencatlg
942 ## - ADDED ENTRY ELEMENTS (KOHA)
Source of classification or shelving scheme
Item type Books
Holdings
Withdrawn status Lost status Source of classification or shelving scheme Damaged status Not for loan Collection code Permanent location Current location Shelving location Date acquired Total Checkouts Full call number Barcode Date last seen Price effective from Koha item type
          Koleksioni i përgjithshem UBT - Lipjan UBT - Lipjan Koleksioni i përgjithshem 03/10/2018   348.7348 HAL 002-3001384 03/10/2018 03/10/2018 Books
UBT Library © 2015-2024. All rights reserved University Education for Business and Technology